Five Most Populated Cities by Continent - Statistics

General Stats
  • This quiz has been taken 7,218 times
    6,527 since last reset
  • The average score is 21 of 30
Answer Stats
Continent City % Correct
Europe London
93%
Europe Moscow
91%
Africa Cairo
89%
North America New York City
89%
Oceania Sydney
88%
North America Los Angeles
85%
Asia Beijing
84%
South America Rio de Janeiro
83%
Africa Lagos
80%
Oceania Melbourne
80%
Europe Berlin
79%
North America Mexico City
79%
South America São Paulo
77%
Asia Shanghai
77%
Asia Delhi
75%
Oceania Perth
73%
North America Chicago
72%
Oceania Auckland
69%
South America Bogotá
69%
South America Lima
69%
Europe Istanbul
68%
Oceania Brisbane
62%
Africa Kinshasa
62%
South America Santiago
56%
Europe St. Petersburg
54%
North America Toronto
52%
Africa Alexandria
36%
Asia Karachi
32%
Africa Abidjan
16%
Asia Tianjin
13%
No matching quizzes found
Score Distribution
Percent of People with Each Score
Percentile by Number Answered
Your Score History
You have not taken this quiz since the last reset